|
|
|
|
| LEADER |
00000nab a2200000ua 4500 |
| 001 |
vtls010803866 |
| 003 |
SK-MaSNL |
| 005 |
20260303182634.0 |
| 008 |
230222s1965 xo |||||||||||||||||eng| |
| 035 |
|
|
|a (urnnbn)urn:nbn:sk:snk:ar-a02azc
|
| 035 |
|
|
|a (uuid)9aa2dbb6-a9a2-47fd-9e75-c725278594c2
|
| 035 |
|
|
|a urn:nbn:sk:snk-ab4jk8
|
| 040 |
|
|
|a SNKBUCL
|b slo
|c SNKBUCL
|e AACR2
|
| 041 |
0 |
|
|a eng
|
| 044 |
|
|
|a xo
|c SK
|
| 100 |
1 |
|
|a Hellman, A.
|4 aut
|9 1210737
|
| 245 |
1 |
0 |
|a THE INFLUENCE OF HYDROCORTISONE ON CELLULAR SUSCEPTIBILITY TO INFECTION WITH VIRULENT AND AVIRULENT POLIOVIRUS
|c A. Hellman, S. S. Kalter, G. T. Daye Jr.
|
| 700 |
1 |
|
|a Kalter, S. S.
|4 aut
|9 1210738
|
| 700 |
1 |
|
|a Daye, G. T. Jr.
|4 aut
|9 1210739
|
| 773 |
0 |
|
|t Acta virologica
|g Roč. 9, č. 3 (1965), s. 224-229
|
| 958 |
|
|
|a OND
|
| 958 |
|
|
|a EUIPO
|
| 958 |
|
|
|a article3
|
| 999 |
|
|
|c 2117749
|d 2119679
|